The shadow of the world-famous Nine / Ben Guterson ... Read More
Available copies
- 2 of 2 copies available at LARL/NWRL Consortium.
- 2 of 2 copies available at Lake Agassiz Regional Library. (Show preferred library)
Current holds
0 current holds with 2 total copies.
Show Only Available Copies
| Location | Call Number / Copy Notes | Barcode | Shelving Location | Status | Due Date |
|---|---|---|---|---|---|
| Halstad LINK Site | J GUT (Text) | 33500014234462 | New | Available | - |
| Hawley Public Library | J GUT (Text) | 33500014234470 | New | Available | - |
Record details
- ISBN: 9780316484749
- ISBN: 0316484741
- Physical Description: 393 pages : illustrations, genealogical tables ; ... Read More
- Edition: First edition.
- Publisher: New York : Little, Brown and Company, 2025.
Content descriptions
| General Note: | "Christy Ottaviano Books." |
| Summary, etc.: | "Zander and Natasha must reverse an evil spell ... Read More |
| Target Audience Note: | Ages 8-12. Little, Brown and Company. |
Search for related items by subject
| Genre: | Detective and mystery fiction. Novels. |
Search for related items by series
| LDR | 02377cam a22005898i 4500 | ||
|---|---|---|---|
| 001 | 465278 | ||
| 003 | LARL_NWRL_CONSORTIUM | ||
| 005 | 20250730175147.0 | ||
| 008 | 241217s2025 nyuaj c 000 1 eng | ||
| 010 | . | ‡a 2024039701 | |
| 040 | . | ‡aDLC ‡beng ‡erda ‡cDLC ‡dIG# ‡dOCLCQ ‡dOCLCO ‡dTOH ‡dHBP ‡dOCLCO ‡dJAS | |
| 020 | . | ‡a9780316484749 ‡q(hardcover) | |
| 020 | . | ‡a0316484741 ‡q(hardcover) | |
| 020 | . | ‡z9780316484947 ‡q(ebook) | |
| 035 | . | ‡a(OCoLC)1479723353 | |
| 042 | . | ‡apcc | |
| 082 | 0 | 0. | ‡a[Fic] ‡223 |
| 100 | 1 | . | ‡aGuterson, Ben, ‡eauthor, ‡eillustrator. ‡1https://id.oclc.org/worldcat/entity/E39PBJtMkg9KhXg7GrbrbhFFrq |
| 245 | 1 | 4. | ‡aThe shadow of the world-famous Nine / ‡cBen Guterson ; with illustrations by Kristina Kister ; mandala artwork by Ben Guterson. |
| 246 | 3 | . | ‡aShadow of the world-famous 9 |
| 250 | . | ‡aFirst edition. | |
| 264 | 1. | ‡aNew York : ‡bLittle, Brown and Company, ‡c2025. | |
| 300 | . | ‡a393 pages : ‡billustrations, genealogical tables ; ‡c22 cm. | |
| 336 | . | ‡atext ‡btxt ‡2rdacontent | |
| 336 | . | ‡astill image ‡bsti ‡2rdacontent | |
| 337 | . | ‡aunmediated ‡bn ‡2rdamedia | |
| 338 | . | ‡avolume ‡bnc ‡2rdacarrier | |
| 385 | . | ‡nage ‡aPreteens ‡0(DLC)dg2015060394 ‡2lcdgt | |
| 490 | 0 | . | ‡aWorld-famous Nine ; ‡v2 |
| 500 | . | ‡a"Christy Ottaviano Books." | |
| 521 | . | ‡aAges 8-12. ‡bLittle, Brown and Company. | |
| 520 | . | ‡a"Zander and Natasha must reverse an evil spell threatening The Number Nine Plaza's very existence"-- ‡cProvided by publisher. | |
| 650 | 0. | ‡aDepartment stores ‡vJuvenile fiction. | |
| 650 | 0. | ‡aCharms ‡vJuvenile fiction. | |
| 650 | 0. | ‡aMagic ‡vJuvenile fiction. ‡0(LARL_NWRL_CONSORTIUM)165990 | |
| 650 | 1. | ‡aDepartment stores ‡vFiction. ‡0(LARL_NWRL_CONSORTIUM)168974 | |
| 650 | 1. | ‡aCharms ‡vFiction. | |
| 650 | 1. | ‡aMagic ‡vFiction. ‡0(LARL_NWRL_CONSORTIUM)165984 | |
| 650 | 1. | ‡aMystery and detective stories. ‡0(LARL_NWRL_CONSORTIUM)176113 | |
| 650 | 7. | ‡aJUVENILE FICTION / General. ‡2bisacsh | |
| 655 | 7. | ‡aDetective and mystery fiction. ‡2lcgft | |
| 655 | 7. | ‡aNovels. ‡2lcgft | |
| 700 | 1 | . | ‡aKister, Kristina, ‡eillustrator. |
| 700 | 1 | . | ‡iSequel to: ‡aGuterson, Ben. ‡tWorld-famous Nine. |
| 905 | . | ‡uvanderl | |
| 901 | . | ‡a465278 ‡bAUTOGEN ‡c465278 ‡tbiblio ‡soclc | |

Add to basket
Permalink
Enable Highlighting